000 00933cab a2200253 4500
001 ABS60439
008 090401t1999 xxu||||| |||| 00| 0 eng d
035 _a(Sirsi) u92677
041 _aeng
100 _aLee, S.
245 _aStyle analysis and property fund performance
260 _c1999
350 _a0
490 _aJournal of Property Investment and Finance
_v17(2) February 1999, 145-156(7)
520 _aA study applying a return-based approach to style analysis (the effective asset mix approach) to 37 property funds in the UK. Shows that style analysis can make an important contribution to the analysis of property portfolio performance.
650 _aPERFORMANCE
650 _aPROPERTY FUNDS
650 _aPROPERTY PORTFOLIOS
650 _aSTUDIES
650 _aSTYLE ANALYSIS
690 _aPROPERTY-COMMERCIAL PROPERTY-COMMERCIAL PROPERTY FINANCE AND INVESTMENT
942 _n0
948 _c12/04/1999
999 _c58745
_d58745